=LDR 00000nam 2200000 4500 =001 INLIS000000000050157 =005 20170420094936.0 =006 =007 =008 =020 ##$$a 978 - 602 - 1348 - 16 - 1 =035 ##$$0010-041700000000347 =040 ##$$a NBPDMAT =082 ##$$a 371.3 =090 ##$$a 371.3 Top =245 ##$$a Top score TPA Perguruan Tinggi Negeri da Swasta =250 ##$$a Ce. 2 =260 ##$$a Yogyakarta $b Genius Publisher $c 2016 =300 ##$$a iv, 370 hlm. ; 26 cm. =650 ##$$a KUMPULAN SOAL =850 ##$$a NBPDMAT